Teaching and learning in the early years

Αποθηκεύτηκε σε:
Λεπτομέρειες βιβλιογραφικής εγγραφής
Άλλοι συγγραφείς: Whitebread, David, 1948- (Επιμελητής έκδοσης)
Μορφή: Βιβλίο
Γλώσσα:English
Δημοσίευση: London : Routledge, 1996.
Θέματα:
Ετικέτες: Προσθήκη ετικέτας
Δεν υπάρχουν, Καταχωρήστε ετικέτα πρώτοι!

MARC

LEADER 00000cam a2200000 i 4500
001 1/96184
008 991213s1996 enk| ||| |||| ||eng||
020 |a 041513532X 
035 |l 10055653 
040 |a GR-MyUa  |b gre  |e AACR2 
041 0 |a eng 
082 7 |a 372.210941   |2 (22) 
245 0 0 |a Teaching and learning in the early years /   |c edited by David Whitebread. 
260 |a London :   |b Routledge,   |c 1996. 
300 |a 353 σ. ;   |c 25 εκ. 
650 0 |a Early childhood education  |z Great Britain. 
650 0 |a Early childhood education  |z Great Britain  |x Curricula. 
650 0 |a Language arts (Early childhood)  |z Great Britain. 
700 1 |a Whitebread, David,   |d 1948-  |e edt 
852 |a INST  |b RHODES  |e 19991213  |h 372.210941 TEA  |p 005400012043  |q 005400012043  |t BK  |y 0 
901 |a BIBL4-1999-3 
922 |a 4ΕΛΗ  |b 199908  |c ΚΠΣ/154  |d GLORY BOOKS 
970 |a ΚΟΥΛΑΚΙΟΤΗ  |b ΛΙΤΣΑ  |z 1999/12/13